Normal view
MARC view
- Polisar, Barry Louis,
Entry Nombre Personal
001 - NUMERO DE CONTROL
- campo de control: 35360
003 - IDENTIFICADOR DE NUMERO DE CONTROL
- campo de control: UPN
005 - FECHA Y HORA DE LA ÜLTIMA TRANSACCIÓN
- campo de control: 20210219194502.0
008 - DATOS DE LONGITUD FIJA
- campo de control de longitud fija: nabaccnnaabn|||||||||| b |nc|||||d
035 ## - NUMERO DE CONTROL
- Número de control: UPN11000007467
040 ## - FUENTE DE CATALOGACIÓN
- Lenguaje de catalogación: SPA
- Agencia de transcripción: UPN
053 #4 - NÚMERO DE CLASIFICACIÓN LC
- Número de clasificación elemento-número único o número inicial de tramo: PS3566 O4.5
100 1# - ENCABEZAMIENTO - NOMBRE PERSONAL
- Nombre personal: Polisar, Barry Louis,
- Fechas asociadas con el nombre: 1954-
670 ## - FUENTE EN LA QUE SE LOCALIZARON DATOS
- Cita de la fuente: LC
680 ## - NOTA PUBLICA DE ACCESO PÚBLICO
- Frase explicativa de la referencia: Escritor y músico estadounidense
902 ## - CATALOGADOR
- Catalogador: CAA/130614
